| 000 | 00512nam a2200193Ia 4500 | ||
|---|---|---|---|
| 003 | GCL | ||
| 008 | 140319s9999 xx 000 0 aRus d | ||
| 040 |
_aGCL / _cGCL |
||
| 082 | 0 | 4 |
_a460 _bL F |
| 100 | 1 | _aLENNEBERG, ERIC H. | |
| 245 | 1 | 0 |
_aFUNDAMENTOS DEL DESARROLLO DEL LENGUAJE / _cLENNEBERG, ERIC H. |
| 700 | 1 | _aLENNEBERG, ELIZABETH | |
| 260 |
_a[S.N] : _bALIANZA EDITORIAL ، _c1982 |
||
| 300 | _a612 | ||
| 650 | 0 | 4 | _aGRAMMAR |
| 650 | 0 | 4 | _aLINGUISTICS |
| 650 | 0 | 4 | _aSPANISH LANGUAGE |
| 942 |
_2ddc _cBK |
||
| 999 |
_c25413 _d25413 |
||